Countries With the Most Timezones - Statistics

General Stats
  • This quiz has been taken 50 times
  • The average score is 10 of 14
Answer Stats
Timezones Country % Correct
11 Russia
98%
11 United States
96%
4 Brazil
93%
6 Canada
93%
12 France
93%
9 Australia
85%
9 United Kingdom
85%
4 Mexico
78%
3 Indonesia
67%
5 Denmark
54%
5 New Zealand
46%
3 Chile
41%
3 Kiribati
22%
10 Antarctica
17%
No matching quizzes found
Score Distribution
Percent of People with Each Score
Percentile by Number Answered
Your Score History
You have not taken this quiz